Statistiques concernant Primes de l'équipage de Luffy

Cliquez ici pour prendre le quiz!

Statistiques générales

  • Ce quiz a été pris 195 fois
  • Le résultat moyen est 16 sur 28

Statistiques - réponses

HintRéponse% Correct
100
98%
Luffy30 000 000
97%
Usopp30 000 000
97%
Chopper50
96%
100 000 000
91%
1 500 000 000
90%
300 000 000
88%
500 000 000
83%
400 000 000
81%
Zoro60 000 000
68%
120 000 000
66%
Brook33 000 000
66%
320 000 000
63%
80 000 000
59%
200 000 000
55%
Sanji77 000 000
52%
330 000 000
48%
Nico Robin79 000 000
43%
Nami16 000 000
42%
66 000 000
42%
Franky44 000 000
39%
94 000 000
34%
130 000 000
32%
177 000 000
30%
83 000 000
28%
250 000 000
18%
438 000 000
17%
Jinbei76 000 000
6%

Distribution des résultats

Percentile par nombre de réponses

% des personnes avec chaque résultat

Votre développement - résultats

Vous n’avez pas pris ce quiz